000 00392nam a2200145Ia 4500
005 20251222152018.0
008 251222s9999||||xx |||||||||||||| ||spa||
020 _a9786124038815
082 _a343.82/C83
100 _aCossío Carrasco, Viviana
245 0 _aErrores Frecuentes en la Deducción de Gastos de una Empresa
250 _a1ra. ed.
264 _bGaceta Jurídica
942 _cLIB
999 _c25184
_d25184